000 00565nam a2200205Ia 4500
005 20250326144105.0
008 250326s9999 xx 000 0 und d
020 _a0-7619-3502-9
037 _aTextbook
040 _aFMSL
_beng
_cFMSL
041 _aeng
_2eng
084 _aB28 P06
_qFMSL
100 _aGaur A S
_9475163
245 0 _aStatistical methods for practice and research
_cGaur A S; Gaur S S
260 _aNew Delhi
_bNew Delhi, Response
_c2006
300 _a171p
365 _b295
942 _cTB
_hB28 P06
999 _c1302317
_d1302317